Loading...
| Fine Arts - Classical Music | 0 | 5 | 0 | 0 | 50 | 49 | 91.00 | 1 | 2 |
| History - Other History | 0 | 4 | 0 | 1 | 40 | 57 | 82.00 | 1 | 1 |
| Religion | 0 | 4 | 2 | 1 | 30 | 89 | 102.25 | 0 | 3 |
| Fine Arts - Visual Fine Arts | 0 | 3 | 3 | 2 | 15 | 94 | 117.00 | 0 | 1 |
| Philosophy | 0 | 2 | 1 | 1 | 15 | 65 | 97.50 | 0 | 1 |
| History - European History | 0 | 2 | 1 | 0 | 15 | 63 | 86.00 | 0 | 0 |
| Fine Arts - Other Fine Arts | 0 | 2 | 1 | 1 | 15 | 107 | 121.00 | 0 | 1 |
| History - World History | 0 | 1 | 0 | 0 | 10 | 46 | 46.00 | 0 | 1 |
| Geography/Current Events | 0 | 1 | 0 | 1 | 10 | 133 | 133.00 | 0 | 0 |
| Literature - British Literature | 0 | 1 | 0 | 0 | 10 | 112 | 112.00 | 0 | 0 |
| History - American History | 0 | 1 | 1 | 0 | 5 | 79 | 79.00 | 0 | 0 |
| Social Science | 0 | 1 | 1 | 0 | 5 | 75 | 75.00 | 1 | 1 |